Every Country with an F1 Driver Ever - Statistics

General Stats
  • This quiz has been taken 36 times
    12 since last reset
  • The average score is 35 of 42
Answer Stats
Country % Correct
26 Drivers Argentina
100%
18 Drivers Australia
100%
16 Drivers Austria
100%
24 Drivers Belgium
100%
33 Drivers Brazil
100%
15 Drivers Canada
100%
78 Drivers France
100%
14 Drivers Germany
100%
100 Drivers Italy
100%
6 Drivers Mexico
100%
5 Drivers Portugal
100%
4 Drivers Russia
100%
15 Drivers Spain
100%
11 Drivers Sweden
100%
168 Drivers United Kingdom
100%
58 Drivers United States
100%
1 Driver China
92%
3 Drivers Columbia
92%
9 Drivers Finland
92%
21 Drivers Japan
92%
5 Drivers Monaco
92%
17 Drivers Netherlands
92%
23 Drivers South Africa
92%
29 Drivers Switzerland
92%
3 Drivers Venezuela
92%
5 Drivers Denmark
83%
2 Drivers India
83%
1 Driver Indonesia
83%
10 Drivers New Zealand
83%
1 Driver Poland
83%
5 Drivers Ireland
75%
1 Driver Morocco
75%
2 Drivers Thailand
75%
1 Driver Chile
67%
1 Driver Czech Republic
67%
1 Driver Hungary
67%
1 Driver Malaysia
58%
4 Drivers Uruguay
58%
1 Driver Liechtenstein
42%
6 Drivers Rhodesia
42%
4 Drivers East Germany
25%
38 Drivers West Germany
25%
No matching quizzes found
Score Distribution
Percent of People with Each Score
Percentile by Number Answered
Your Score History
You have not taken this quiz since the last reset